000 00590nam a2200205 a 4500
008 960514s1981||||[C 0 slo c
020 _c20 Kčs.
_q(3000 výtl.)
040 _aSNK
_bslo
_cSNK
_eAACR2
041 1 _aslo
044 _axo
_cSK
080 _a787.61.087.5
100 1 _aSádlik, Arnošt
_4aut
245 1 0 _aŠkola stupníc a akordov pre gitaru
_hHudobnina
_cArnošt Sádlik
250 _a1., vyd.
260 _aBratislava
_bOpus [vyd.]
_c1981
_eBratislava
_fZápadoslovenské tlačiarne
300 _a108 s.
_c30 cm
500 _aÚvod autor.
924 _agitara
958 _aH
999 _c15191
_d15191